000 01613nam a2200181 a 4500
001 000027782
005 20200930031107.0
008 110404s1993 dr 000 0 spa d
040 _aDO-SdBNP
_bspa
_cBNPHU
082 _axxxx
_bS612
111 2 _aSimposium Nacional de Ética Médica
_n(1o :
_d1993, oct. :
_cSanto Domingo)
_954855
245 1 0 _aPrimer Simposium Nacional de Ética Médica :
_bmemorias. /
_ceditor Pablo Pascual.
260 _aSanto Domingo :
_bAsociación Médica Dominicana,
_c1993.
300 _a121 p. ;
_c27 cm.
505 0 _tAlgunos elementos en torno a la ética /
_rMarcos Villamán P. --
_tLa ética médica en la historia de la humanidad /
_rSantiago Castro Ventrua --
_tÉtica médica cultura y sociedad /
_rMiguel Suazo --
_tMesa redonda ética, cultura y sociedad-ponencia ética y salud mental /
_rSánchez Martínez --
_tMala práctica en el ejercicio médico (Primum no nocere) /
_rNorma de Castro /
_tEl secreto médico /
_rAndrés Peralta C. --
_tAlgunos incidentes críticos en la ética médica /
_rCésar Mella --
_tÉtica médica en la legislación dominicana /
_rRamón Martínez Portorreal --
_tLa problemática de la enseñanza en nuestra universidad /
_rJosefina Padilla --
_tLa familia del médico /
_rAlfonso Llano Escobar --
_tRelación médico paciente /
_rBruno Calderón Troncoso --
_tPrimun non nocere /
_rDisquisiciones en torno al actual código de ética. --
_tEn torno al vigente código de ética médica de la Asociación Médica Dominicana /
_rCésar Pina Toribio --
_tSobre honorarios médicos /
_rSegundo Imbert Brugal.
700 1 _aPascual, Pablo Báez
_eed.
_954856
049 _aBNPD
999 _c27274
_d27274